Regional Economic Outlook, April 2018, Western Hemisphere Department : Seizing the Momentum.

The world economy and global trade are experiencing a broad-based cyclical upswing. Since October 2017, global growth outcomes and the outlook for 2018-19 have improved across all regions, reinforced by the expected positive near-term spillovers from tax policy changes in the United States. Accommod...

Descrizione completa

Dettagli Bibliografici
Ente Autore: International Monetary Fund. Western Hemisphere Dept
Natura: Periodico
Lingua:English
Pubblicazione: Washington, D.C. : International Monetary Fund, 2018.
Serie:Regional Economic Outlook
Accesso online:Full text available on IMF
LEADER 02392cas a2200241 a 4500
001 AALejournalIMF018236
008 230101c9999 xx r poo 0 0eng d
020 |c 20.00 USD 
020 |z 9781484339879 
022 |a 2071-4165 
040 |a BD-DhAAL  |c BD-DhAAL 
110 2 |a International Monetary Fund.  |b Western Hemisphere Dept. 
245 1 0 |a Regional Economic Outlook, April 2018, Western Hemisphere Department :   |b Seizing the Momentum. 
264 1 |a Washington, D.C. :  |b International Monetary Fund,  |c 2018. 
300 |a 1 online resource (132 pages) 
490 1 |a Regional Economic Outlook 
500 |a <strong>Off-Campus Access:</strong> No User ID or Password Required 
500 |a <strong>On-Campus Access:</strong> No User ID or Password Required 
506 |a Electronic access restricted to authorized BRAC University faculty, staff and students 
520 3 |a The world economy and global trade are experiencing a broad-based cyclical upswing. Since October 2017, global growth outcomes and the outlook for 2018-19 have improved across all regions, reinforced by the expected positive near-term spillovers from tax policy changes in the United States. Accommodative global financial conditions, despite some tightening and market volatility in early February 2018, have been providing support to economic recovery. Higher commodity prices are contributing to an improved outlook for commodity exporters. The US and Canadian economies posted solid gains in 2017 and are expected to grow above potential in the near term. Despite the improved near-term outlook, however, medium-term prospects are tilted downwards. Growth prospects for advanced economies are subdued and many emerging market and developing economies are projected to grow in per capita terms more slowly than advanced economies, raising concerns about income convergence. While risks appear broadly balanced in the near term, they skew to the downside over the medium term, including a possible sharp tightening of financial conditions, waning popular support for global economic integration, growing trade tensions and risks of a shift toward protectionist policies, and geopolitical strains. 
538 |a Mode of access: Internet 
830 0 |a Regional Economic Outlook 
856 4 0 |z Full text available on IMF  |u http://elibrary.imf.org/view/books/086/24923-9781484339879-en/24923-9781484339879-en-book.xml  |z IMF e-Library